00851cam a22002531 450000100060000000300080000600500170001400800390003103500190007004000320008904100080012108200170012910000360014624500770018226000300025930000330028949000290032250000900035150000250044150400500046665000130051670000330052970000350056211690BD-RjUL20211208235151.0140127s1956 nyua b 000 0 eng a(BD-RjUL)11739 aDLCcDLCdDLCdBD-RjULbeng aeng00a570bMOM2231 aMoon, Truman Jesse,d1879-1946.10aModern biology /c[by] Truman J. Moon, Paul B. Mann [and] James H. Otto. aNew York :bHolt ,c1956. aix, 757 p. :bill. ;c25 cm.0 aThe Holt science program a1921 ed., by T. J. Moon and P. B. Mann, published under title: Biology for beginners. aGlossary: p. 721-737 aIncludes bibliographical reference and index. 0aBiology. aMann, Paul B. ,Joint author. aOtto, James H. , Joint author.